| 000 | 00761nam a22002057a 4500 | ||
|---|---|---|---|
| 999 |
_c10279 _d10279 |
||
| 003 | AR-CdUCM | ||
| 008 | 190329b ||||| |||| 00| 0 spa d | ||
| 040 |
_aMUNICIPALIDAD PROVINCIAL DEL CUSCO _cBIBLIOTECA MUNICIPAL DEL CUSCO |
||
| 082 |
_a780.980 / _bB71 / 1937 |
||
| 110 |
_aInstituto de estudios superiores montevideo _927049 |
||
| 245 | _aBoletin latinoamericano de música / | ||
| 260 |
_aMontevideo : _bGutemberg, _c1937. |
||
| 300 |
_a3 tomos ; _c28 cm. |
||
| 505 | _aContenido : Estudios latinoamericano -- Suplementos de artes plásticas latinoamericano -- Estudios estadounidenses -- estudios europeos ... | ||
| 650 |
_aMúsica _91443 |
||
| 650 |
_aLatinoamericana _95799 |
||
| 650 |
_aSuplemento _927050 |
||
| 942 |
_2ddc _cLIBROS |
||
| 945 | _arah | ||